| 000 | 01068cam a2200289 4500 | ||
|---|---|---|---|
| 001 | WB3717-09 | ||
| 008 | 000000n2001 000 0 eng u | ||
| 035 | _a(Sirsi) u112266 | ||
| 245 | _aCommunity energy programme announced | ||
| 260 | _c2001 | ||
| 490 |
_aDETR News Release _v26 April 2001 (2) |
||
| 520 | _aThe Deputy Prime Minister has announced a £50m programme aimed at providing low cost energy to low income households and schools, hospitals, universities and other community buildings. The initiative, "Community Energy", will help government meet its environmental targets through the adoption of Combined Heat and Power (CHP). | ||
| 590 | _aWB | ||
| 650 | _aAGENDA 21 | ||
| 650 | _aCHP | ||
| 650 | _aCOMBINED HEAT AND POWER | ||
| 650 | _aENVIRONMENTALLY FRIENDLY ENERGY | ||
| 650 | _aFUEL POVERTY | ||
| 650 | _aHEATING | ||
| 650 | _aHOSPITALS | ||
| 650 | _aNEIGHBOURHOOD RENEWAL | ||
| 650 | _aSCHOOLS | ||
| 650 | _aUNIVERSITIES | ||
| 650 | _aURBAN REGENERATION | ||
| 690 | _aENVIRONMENTAL AND LAND CONSULTANCY-ENERGY | ||
| 942 | _n0 | ||
| 999 |
_c66845 _d66845 |
||